Datum a čas kvízu

25.5 Celkem bodů Celkový počet nahraných bodů na tomto kvízu bez doplňovacích otázek.
8. Pořadí na kvízu Konečné umístění týmu na tomto kvízu.

Zaznamenané odpovědi

# Otázka Odpověď Body Výsledky
1. Čím konkrétně se na úterním za... měli na sobě kroje 0
2. Nepříjemný závěr své cesty zaž... olympijské hry v Paříži 0
3. Česká národní banka vydala stř... Bedřich Smetana 0
4. Minulý týden byl ohlášen defin... vývojem elektromobilu (automobilu) 0
5. Který zahraniční fotbalista do... Cristiano Ronaldo 1
6. Napište český název nejdelší k... kost stehenní 1
7. Ve kterém českém městě najdeme... v Brně 0
8. Ze kterého seriálu pochází tat... Sběratelé kostí 1
9. Kterému zvířeti patří tato kos... hrochovi 0
10. V září roku 2012 byla pod park... Richard III. 0